000 00772cam a2200205 i 4500
005 20251120124145.0
008 250721s2011 jo gr 000 0 ara d
082 1 4 _a211.17
_bع ب د
100 1 _aعبدالله، كفاية محمد
_eمؤلف.
245 1 0 _aتأملات قرآنية وقطوف إدارية في ظلال سورة البقرة /
_cكفاية محمد عبدالله.
250 _aالطبعة الأولى.
264 3 1 _aعمان :
_bدار المأمون للنشر والتوزيع،
_c2011.
300 _a120 صفحة.
650 1 7 _aالقرآن الكريم.
650 1 7 _aسور القرآن.
650 1 7 _aالوعظ و الارشاد.
650 1 7 _aالثقافة الاسلامية.
942 _2ddc
_cBK
999 _c55
_d55